000 00494nam a2200157Ia 4500
003 GCL
008 140319s9999 xx 000 0 ara d
040 _aGCL /
_cGCL
082 0 4 _a811.258
_bن ث
100 1 _aاحمد على الحدوب
245 1 0 _aحسن ابوزيد الهلالى /
_cاحمد على الحدوب
260 _a[S.N] :
_bدار الكتب العلمية للنشر والتوزيع ،
_c1982
490 _a
650 0 4 _aهارفرد غرافيكس
942 _2ddc
_cBK
999 _c30889
_d30889